000 00543nam a2200181Ia 4500
008 151018s9999 xx 000 0 und d
082 _bRBASDV2517
_a891.463
100 _aना ह आपटे
245 _aअजिंक्य तारा
250 _b3
260 _bआपटे आणि मंडळीÇ
_c1949
300 _a329
600 _aना ह आपटे
630 _aअजिंक्य तारा
700 _aना ह आपटे
730 _aअजिंक्य तारा
942 _cBOOK
999 _c1004939
_d1004936